000 01300nam a2200217Ia 4500
003 Ost
005 20260416102355.0
008 260416s9999||||xx |||||||||||||| ||und||
040 _cfsecg
041 _aara
082 _a339
100 _aسكر، فاطمة الزهراء
_eمؤلف
245 0 _aالإقتصاد الكلي 1-2 /
_c فاطمة الزهراء سكر
260 _aالجزائر
_bجامعة الجزائر3: كلية العلوم الإقتصادية، العلوم التجارية وعلوم التسيير
_c2018
300 _a119 ورقة
_bايضاحات
_c30 سم
504 _aمراجع ص.115
520 _aمدخل الى النظرية الاقتصادية الكلية و مدخل الى الحسابات الوطنية و النظرية الاقتصادية الكلاسيكية و النموذج الكينزي البسيط و دوال الاستهلاك الحديثة و التوازن الاقتصادي العام (منحى IS و منحنى LM) و نمادج النمو الاقتصادي و الدورات الاقتصادية.
653 _aالاقتصاد الكلي
710 _aجامعة الجزائر3: كلية العلوم الإقتصادية، العلوم التجارية وعلوم التسيير
_eناشر علمي
942 _cHANDOUT
999 _c41187
_d41187